Statistics for Geometry Dash Extreme Demon List - 6/1/24

Click here to take the quiz!

General Stats

  • This quiz has been taken 145 times
  • The average score is 53 of 150

Answer Stats

HintAnswer% Correct
117Pagoda
95%
2Avernus
90%
4Silent clubstep
87%
15LIMBO
83%
10KOCMOC
78%
35Tartarus
76%
81CORRODERE
71%
1Tidal Wave
68%
50Terminal Rampancy
67%
72Cognition
63%
82ATOMIC CANNON Mk II
62%
59Lotus Flower
62%
16poocubed
60%
8Sakupen Circles
60%
3Acheron
59%
23Codependence
59%
96Congregation
59%
93Silent Club
59%
26walter white
59%
38The Golden
57%
141The Yandere
56%
28arcturus
54%
34Midnight
54%
76SARY NEVER CLEAR
54%
73Cosmic Cyclone
52%
52Kenos
52%
39Verdant Landscape
51%
67ConClusion
49%
140Th3Dev0n
49%
150Calamity
46%
89Escape Room
46%
119ATOMIC CANNON
44%
147CHROMA FINALE
44%
116Deimos
44%
106Jesse Pinkman
44%
13The Lightning Rod
44%
44Trueffet
44%
102Bloodlust
43%
43Climax
43%
57NEUTRA
43%
144Plasma Pulse Finale
43%
41Shukketsu
43%
54Fragile
41%
100Kappa
41%
88Ragnarok
41%
27UNKNOWN
41%
11Firework
40%
84Akashic Records
38%
18Eyes in the Water
38%
103Fog
38%
87Horros
38%
126Nhelv
38%
7Slaughterhouse
38%
60Thinking Space
38%
48Zodiac
38%
49Hard Machine
37%
17Saul Goodman
37%
30Sonic Wave Infinity
37%
148SZYSLAK
37%
33Deadlier Clubstep
35%
42Delta
35%
145Gustavo Fring
35%
99Jupiter My Favourite
35%
132Ouroboros
35%
25COMBUSTION
33%
91me when machine gang
33%
12MINUSdry
33%
37Oblivion
33%
29Sinister Silence
33%
112BarbarosFinaleFinale
32%
69Calculator Core
32%
128Cicatrize
32%
32Damascus
32%
108no jokes
32%
31SARYYX NEVER CLEAR
32%
21The Hallucination
32%
71DIRECTIONS
30%
22Edge of Destiny
30%
77Instinct
30%
95Omega Interface
30%
86Sides Of My Mind
30%
9Tunnel of Despair
30%
125Ithacropolix
29%
36Jigsaw
29%
53Keres
29%
121Neon Skyline
29%
80RUST
29%
85RUTHLESS
29%
120Sigma
29%
19Solar Flare
29%
105Asterios
27%
47Critical Heat
27%
14Deimos
27%
139Excruciation Chamber
27%
118Moving Forward
27%
46NETWORK
27%
66Renevant
27%
62SUPERHATEMEWORLD
27%
45Aerial Gleam
25%
92Launchpad Labyrinth
25%
75Amalgam
24%
115Aronia
24%
63Cold Sweat
24%
51Esfera
24%
24Mayhem
24%
130SAND SAILOR
24%
78Scream Machine
24%
127untitled unmastered
24%
138Visible Ray
24%
142Arctic Lights
22%
40ATOMIC CANNON Mk III
22%
20Belladonna
22%
58Promethean
22%
149REPENTLESS
22%
70shimmer
22%
101The Art of the Blade
22%
64Widestep
22%
123Atmos
21%
110CITRA
21%
133CONNECT
21%
56Crackhead Circles
21%
124Ploink
21%
104Coral Cave
19%
129DsinK
19%
134Ourwa
19%
83Shardscapes
19%
68Sky Shredder
19%
107Terminux
19%
137Dump
17%
136FRIDAY
17%
146Frozen Cave
17%
122Knights of Thunder
17%
135kowareta
17%
6Kyouki
17%
79Lucid Nightmares
17%
97Pandemonium
17%
111Sazerix
17%
143WORSTBRAINMAP
17%
114Awedsy
16%
65Crimson Planet
16%
55Frost Spirit
16%
90TORN
16%
109Twilight
16%
5Abyss of Darkness
14%
61qoUEO
14%
74Trotil
14%
113Gracefully
13%
98The Rupture
13%
94Descent Into Exile
10%
131Farthest Outpost
10%

Score Distribution

Percentile by Number Answered

Percent of People with Each Score

Your Score History

You have not taken this quiz